Detalles MARC
| 000 -LIDER |
| fixed length control field |
01040nam a2200313 a 4500 |
| 001 - NÚMERO DE CONTROL |
| Identificador de número de control |
000045682 |
| 003 - IDENTIFICACDOR DE NÚMERO DE CONTROL |
| control field |
DO-SdBNP |
| 005 - DATE AND TIME OF LATEST TRANSACTION |
| control field |
20230801083920.0 |
| 007 - CAMPOS FIJOS DE DESCRIPCIÓN FÍSICA |
| fixed length control field |
000045682 |
| 008 - ELEMENTOS DE LONGITUD FIJA |
| fixed length control field |
150427s2009 dr a 000 0 spa d |
| 020 ## - ISBN |
| International Standard Book Number |
9789945429053 |
| 040 ## - FUENTE DE CATALOGACIÓN |
| Agencia que crea de manera original el registro |
BPMSU |
| Idioma de catalogación |
spa |
| Agencia que realiza la transcripción |
BPMSU |
| 082 #4 - NÚMERO DE CLASIFICACIÓN DECIMAL DE DEWEY |
| Classification number |
RD863.44 |
| Item number |
C822r 2007 |
| Edition number |
22 |
| 100 1# - ASIENTO PRINCIPAL -- NOMBRE PERSONAL |
| Nombre personal |
Coronado, Dinorah |
| Fechas asociadas con el nombre |
1952- |
| 245 10 - MENCIÓN DE TITULO |
| Título |
Rebeca al bate y dos cuentos más / |
| Mención de responsabilidad |
Dinorah Coronado, ilustraciones de Alejandro Gómez. |
| 260 ## - PUBLICACIÓN, DISTRIBUCIÓN, ETC. (PIE DE IMPRENTA) |
| Lugar de publicación, distribución, etc |
Santo Domingo : |
| Nombre del editor, distribuidor, etc. |
Grupo Santillana, |
| Fecha de publicación, distribución, etc |
2007. |
| Nombre del editor, distribuidor, etc. |
|
| 300 ## - DESCRIPCIÓN FÍSICA |
| Extensión |
62 p. : |
| Otros detalles físicos |
il. ; |
| Dimensiones |
19 cm. |
| 490 0# - MENCIÓN DE SERIES |
| Mención de serie |
Alfaguara infantil |
| 500 ## - NOTA GENERAL |
| Nota general |
|
| 500 ## - NOTA GENERAL |
| Nota general |
Incluye datos biográficos de la autora |
| 505 0# - NOTA DE CONTENIDO |
| Texto normalizado de contenido |
Anita la olvidadiza -- |
| Título |
José Rapidez -- |
| 586 ## - AWARDS NOTE |
| Awards note |
Premio Anual de Literatura Infantil " Aurora Tavárez Belliard" |
| 590 ## - NOTA LOCAL |
| Enlace |
Inventariado, 2023/VM |
| 650 #4 - ENCABEZAMIENTO DE MATERIA--TEMÁTICO |
| Término temático o nombre geográfico como elemento de entrada |
Cuentos infantiles dominicanos |
| 650 #4 - ENCABEZAMIENTO DE MATERIA--TEMÁTICO |
| Término temático o nombre geográfico como elemento de entrada |
Literatura infantil dominicana |
| 700 1# - ASIENTO SECUNDARIO -- NOMBRE PERSONAL |
| Nombre personal |
Gómez, Alejandro, |
| Mención de responsabilidad |
il. |
| 910 ## - VALIDACIÓN |
| Validación |
VMateo V. Control de calidad. BPMSU |
| 942 ## - ADDED ENTRY ELEMENTS (KOHA) |
| Source of classification or shelving scheme |
Dewey Decimal Classification |
| Koha item type |
Libros |